000 00485nam a2200181Ia 4500
001 21353
005 20260306172913.0
008 260306t2021||||xx |||||||||||||| ||spa||
041 _aESP
082 _a344.528
_bP26
100 _aParedes Pérez, Jorge Martín
_eAUT
245 0 _aDelitos de corrupción de funcionarios públicos:
_bdoctrina y jurisprudencia
260 _c2021
300 _a735 páginas :
_c25 cm.
650 _aGEN
654 _aCDE
942 _cLIB
_dJUS
_fJUS
_2ddc
_n
999 _c21353
_d21353